Freguesias de Santa Maria da Feira - Statistics

Estatísticas Gerais
  • Esse quiz foi jogado 47 vezes
  • A pontuação média é 22 de 31
Estatísticas das Respostas
Número Freguesias % Correto
4 Canedo
95%
24 Santa Maria da Feira
95%
11 Lobão
89%
13 Lourosa
89%
7 Fiães
84%
26 São João de Vêr
84%
6 Espargo
79%
9 Gião
79%
18 Paços de Brandão
79%
25 Santa Maria de Lamas
79%
17 Nogueira da Regedoura
74%
23 Sanguedo
74%
29 Travanca
74%
30 Vale
74%
31 Vila Maior
74%
1 Argoncilhe
68%
2 Arrifana
68%
12 Louredo
68%
15 Mosteirô
68%
27 São Miguel de Souto
68%
28 São Paio de Oleiros
68%
3 Caldas de São Jorge
63%
14 Milheirós de Poiares
63%
20 Rio Meão
63%
21 Romariz
63%
8 Fornos
58%
19 Pigeiros
58%
22 Sanfins
58%
10 Guisande
53%
16 Mozelos
53%
5 Escapães
37%
Nenhum quiz correspondente encontrado
Distribuição das Pontuações
Porcentagem de Pessoas com Cada Pontuação
Percentil de Números Respondidos
Sua Pontuação Histórica
Você não jogou esse quiz